Statystyki dla 10 Najmniejszych Państw Świata

Kliknij tutaj aby rozwiązać quiz!

Ogólne statystyki

  • Ten quiz został rozwiązany 38 razy
  • Średni wynik to 6 z 10

Statystyki odpowiedzi

km²Państwo% Poprawnych
0,44Watykan
100%
1,95Monako
89%
160Liechtenstein
86%
61,6San Marino
86%
316Malta
65%
21,3Nauru
57%
26Tuvalu
51%
261Saint Kitts i Nevis
41%
181Wyspy Marshalla
41%
300Malediwy
30%

Rozkład punktacji

Percentyl według liczby udzielonych odpowiedzi

Procent ludzi z każdym wynikiem

Twoja historia wyników

Nie rozwiązałeś tego quizu